=LDR 00000nam 2200000 4500 =001 INLIS000000000044494 =005 20131008105937 =008 ***********************************Eng** =035 ##$$0010-101300000002416 =041 ##$$a Eng =082 ##$$a 372 =090 ##$$a 372 , Cal e =100 ##$$a Callahan, Michael G =245 ##$$a the Effective School Departement Head , Michael G. Callaham =850 ##$$a NBPNMAT =990 ##$$a 0001/BPAP-NTB/2016